000 00469nam a2200193 a 4500
001 BRCA_7232
005 20190320205747.0
008 180112s1842----gw-a######---#000-0#ger-#
041 _ager
044 _agw
050 4 _aQH45
_b.B82 1842
245 1 0 _aDas Buch de Welt
260 _aStuttgart, Alemania
_bHoffmann
_c1842
300 _a1842
_bil. (algunas a color)
_c27 cm.
500 _aP137
650 1 4 _aHistoria natural
_910072
902 _aGFM
942 _2lcc
_cB
999 _c6913
_d6913